Discographie de Josman - Statistiques

Statistiques générales
  • Ce quiz a été pris 1 067 fois
  • Le résultat moyen est 36 sur 90
Statistiques - réponses
Échecs positifs % Correct
Intro
91%
XS
85%
J'aime Bien!
83%
Dans le vide
70%
Brûle
64%
BabyGirl
62%
L'OEil de la Joconde
62%
MOONROCK
62%
Au Bout
60%
Fucked up
60%
La Plaie
60%
Loto
60%
Mort Ce soir
60%
La Danse de la Joie
57%
Matrix
56%
Petite Bulle
56%
Un Zder, Un Thé
56%
V&V
56%
Fucked up 3
55%
POP
54%
Fucked up 2
53%
Peace, Haine, Love
53%
3ein / Risotto Gambas
51%
AhGars!
51%
Lifestyle
51%
Fiesta
49%
J'allume
49%
Bambi
48%
L'eau
47%
McQueen / Givenchy
47%
000$
46%
Seul
46%
Mon âme
45%
ANELKA
43%
L'Occasion
43%
Ma Lady
43%
OK
43%
PLU$$$
43%
Vaccin
43%
STOP!
41%
Vanille
41%
Sourcils Froncés
40%
WOW
40%
Ce soir j'achèterai un Flash
39%
Hasta el Cielo
39%
Factice
38%
High Life
37%
Jeune N****
37%
TIM€
37%
B!tch
35%
Dans Le Ciel
34%
Larmes de Sel
34%
MEGAZORD
34%
Si tu savais...
34%
Interdit
33%
A notre âge
32%
Argent, Drogue & Sexe...
32%
Bruce Wayne
32%
DLVrai
32%
Mallette
32%
Feu.Bi
31%
Fleur d'Amour
31%
OLY
29%
BIZ
28%
Je Sais
28%
La Cage
28%
Mauvaise Humeur
28%
BAG
26%
Bon.Char
26%
A la fin du périple
25%
Doobie
25%
L'oiseau rare
25%
Merde
25%
Narcisse
25%
Sprite
25%
Fais avec
23%
Prendre l'Air
23%
Doigt D'Honneur
22%
Dégaine
21%
Illégale
21%
PUFF PUFF PASS
21%
Mauvaises nouvelles
20%
Monnai€
20%
R.A.P
20%
Boss
15%
Cynisme
15%
Pussyboys
15%
Censé faire
14%
Big step
13%
Le contrôle
12%
Aucun quiz correspondant
Distribution des résultats
% des personnes avec chaque résultat
Percentile par nombre de réponses
Votre historique - résultats
Vous n’avez pas pris ce quiz